White paper 2024 state of the Bangladesh economy dissection of a development narrative (Record no. 45642)

000 -LEADER
fixed length control field 00419nam a22001457a 4500
001 - CONTROL NUMBER
control field 45642
003 - CONTROL NUMBER IDENTIFIER
control field BD-DhUET
008 - FIXED-LENGTH DATA ELEMENTS--GENERAL INFORMATION
fixed length control field 260401b xxu||||| |||| 00| 0 eng d
040 ## - CATALOGING SOURCE
Transcribing agency 0
Modifying agency BD-DhUET
110 ## - MAIN ENTRY--CORPORATE NAME
Corporate name or jurisdiction name as entry element Government of Bangladesh
245 ## - TITLE STATEMENT
Title White paper 2024 state of the Bangladesh economy dissection of a development narrative
260 ## - PUBLICATION, DISTRIBUTION, ETC. (IMPRINT)
Place of publication, distribution, etc. Dhaka
Name of publisher, distributor, etc. Government of Bangladesh
Date of publication, distribution, etc. 2024
300 ## - PHYSICAL DESCRIPTION
Extent xiv, 387p.
942 ## - ADDED ENTRY ELEMENTS (KOHA)
Koha item type Corporate Publication
Holdings
Koha date last seen Location (home branch) Lost status Sublocation or collection (holding branch) Price effective from Source of classification or shelving scheme Date acquired Not for loan Damaged status Withdrawn status Shelving location Piece designation (barcode) Copy number Koha item type
2026-04-01Central Library, BUET Central Library, BUET2026-04-01 2026-03-30   Acquisition section1210081Corporate Publication